[Event "Recklinghausen"]
[Site "Recklinghausen"]
[Date "1997.??.??"]
[Round "6"]
[White "Keitlinghaus, Ludger"]
[Black "Kummerow, Heiko"]
[Result "1-0"]
[WhiteElo "2525"]
[BlackElo "2300"]
[Annotator "Psakhis,L"]
[PlyCount "55"]
[EventDate "1997.07.??"]
[EventType "tourn"]
[EventRounds "9"]
[EventCountry "GER"]
[EventCategory "8"]
[SourceTitle "CBM 060 Extra"]
[Source "ChessBase"]
[SourceDate "1997.11.04"]
[SourceVersion "1"]
[SourceVersionDate "1997.11.04"]
[SourceQuality "1"]

1. e4 e6 2. d4 d5 3. e5 c5 4. c3 Nc6 5. Nf3 Bd7 6. Be2 Nge7 7. O-O Ng6 8. g3
Be7 9. h4 O-O {Possible move, but I prefer} (9... cxd4 $5 {for example,} 10.
cxd4 O-O 11. h5 Nh8 12. h6 g6 13. Nc3 f6 14. exf6 Bxf6 15. Be3 Nf7 16. Nh2 Nd6
$13 {0-1 Lederer,Y-Psakhis,L/Kfar-Saba 1993 (44)}) 10. h5 Nh8 11. h6 g6 12.
dxc5 $5 {Or 12.Be3 cd 13.cd f6} Bxc5 13. c4 f6 $1 {N/ Clearly stronger, than} (
13... dxc4 14. Nc3 Be7 15. Ne4 {[%csl Rc5,Rd6,Rf6,Rg5,Rh8]} g5 16. Bxg5 Bxg5
17. Nfxg5 Nxe5 18. f4 Nd3 19. Bxd3 cxd3 20. Qxd3 $16 {1-0 Gdanski,J-Przewoznik,
J/POL-ch 1992/EXP 29 (26)}) 14. cxd5 (14. exf6 Qxf6 15. Nc3 (15. cxd5 Nd4 $1
16. Be3 $5 Nxe2+ 17. Qxe2 Bxe3 18. fxe3 exd5 $15) 15... Nd4 16. Nxd4 Bxd4 $36)
14... Nxe5 15. Nxe5 fxe5 16. Bc4 Qb6 $15 17. dxe6 $6 (17. Qe2 $1) 17... Bxe6 $2
{Why not} (17... Bxf2+ 18. Kg2 Bc6+ 19. Kh2 (19. Bd5 Bd4 $1 20. Bxc6 Qxc6+ 21.
Kh3 Rxf1 22. Qxf1 Rf8 $19) 19... Rf3 20. e7+ Nf7 {with big advantage!?}) 18.
Bxe6+ Qxe6 19. Nc3 Nf7 20. Ne4 (20. Qd5 $5) 20... Bd4 (20... Be7 $5) 21. Qg4
Qb6 $2 {After simple} (21... Qxg4 $1 22. Nf6+ Kh8 23. Nxg4 Rac8 $15 {Blacks
position is perfect.}) (21... Rae8 $5) 22. Bd2 $1 Rae8 (22... Rac8 23. Rac1
Rxc1 24. Rxc1 $36) 23. Rac1 Rd8 $6 24. Rc2 Kh8 25. Kg2 $16 {[%csl Rh8]} Rfe8
26. Qf3 $1 Rf8 (26... Qe6 27. Bg5 $1 Rc8 (27... Nxg5 28. Nxg5 Qd5 (28... e4 29.
Qf7 $1 (29. Qf8+ $5) 29... Qxf7 30. Nxf7+ Kg8 31. Nxd8 Rxd8 32. Rd1 $18) 29.
Nf7+ Kg8 30. Nxd8 Qxf3+ 31. Kxf3 Rxd8 32. Ke4 $18) 28. Rxc8 Rxc8 29. Bf6+ Kg8
30. Bg7 $18) 27. Ba5 $1 $18 Qe6 28. Bxd8 1-0

[Event "Groningen Harmonie"]
[Site "Groningen"]
[Date "2002.12.24"]
[Round "4"]
[White "Jonkman, Harmen"]
[Black "Smeets, Jan"]
[Result "0-1"]
[WhiteElo "2456"]
[BlackElo "2461"]
[Annotator "Psakhis,L"]
[PlyCount "60"]
[EventDate "2002.12.21"]
[EventType "tourn"]
[EventRounds "9"]
[EventCountry "NED"]
[EventCategory "10"]
[SourceTitle "CBM 093"]
[Source "ChessBase"]
[SourceDate "2003.04.01"]
[SourceVersion "1"]
[SourceVersionDate "2003.04.01"]
[SourceQuality "1"]

1. e4 e6 2. d4 d5 3. e5 c5 4. c3 Nc6 5. Nf3 Bd7 6. Be2 f6 7. O-O fxe5 8. Nxe5 (
{Worth considering} 8. dxe5 $5 {keeping knights on the board, for example} Qc7
9. c4 d4 10. Bf4 h6 11. Bd3 O-O-O 12. Nbd2 g5 13. Bg3 Be8 14. a3 Bh5 15. Qa4
Bg7 16. b4 g4 17. b5 gxf3 18. bxc6 b6 {1-0 Motylev,A-Guid,M/Wch students
Argentina 1997 (26)}) 8... Nxe5 9. dxe5 Qc7 10. c4 (10. f4 $5 O-O-O 11. c4 Ne7
12. Nc3 Bc6 13. Bg4 Qd7 $13) (10. Bh5+ $5) 10... d4 11. Bf4 (11. Re1 $5) 11...
O-O-O 12. Nd2 Bc6 13. Bd3 {I don't like this move, and white had good reasons 
to exchange light-coloured bishops, playing} (13. Bf3 $5 {for example} Ne7 14.
Be4 Ng6 15. Bg3 $14) 13... g5 $5 14. Bg3 ({It will be interesting to check} 14.
Bxg5 $5 {with possible continuation} Qg7 15. Qg4 $1 h6 (15... Be7 16. Ne4 Bxe4
17. Bxe4 Qxg5 18. Qxe6+ Kc7 19. f4 Qh6 20. Qg4 $36 {[%cal Gf1f3,Gf3b3]}) 16.
Qxe6+ Bd7 17. Bf6 Bxe6 18. Bxg7 Bxg7 19. f4 $44 {with good compensation for
the pawn.}) 14... h5 $1 15. h3 (15. h4 gxh4 16. Bxh4 Be7 {[%csl Rg1]}) 15... g4
16. hxg4 $146 ({Black did very well after} 16. h4 Nh6 $1 {[%cal Gh6f5]} 17. Ne4
Nf5 18. Ng5 Nxg3 $1 19. Nxe6 (19. fxg3 Qxe5 20. Qe1 $1) 19... Qxe5 20. Re1 Ne4
$1 21. Nxd8 Bd6 22. g3 Rxd8 $17 {0-1 Smeets,J-Rogers,I/NED t-ch 0001 2001 (38)}
) 16... h4 $1 {Black sacrifice pawn, but the attack, which he gets, more than
compensates for the material deficit} 17. Bh2 (17. Bf4 Bg7 $5 {[%cal Gd8f8]} (
17... h3 18. Be4 hxg2 19. Kxg2 Ne7 20. Bg3 $13)) 17... h3 18. f4 {Jonkman
takes too much risk - his kingside lacks protection and to allow Black to
creat serious threats on the king's side.} (18. gxh3 Rxh3 {[%cal Gc7e5]} 19.
Qe2 Bg7 20. f3 Ne7 $40 {[%cal Rd8h8]}) ({Safer were to play} 18. f3 $5 $13)
18... hxg2 19. Rf2 Qg7 $1 {White should have stuck to a passive defense} 20.
Rxg2 ({It is not easy to recommend for White and} 20. Ne4 {-} Rxh2 $1 21. Kxh2
Qh7+ 22. Kxg2 Bxe4+ 23. Bxe4 Qxe4+ 24. Qf3 Qg6 $5 25. f5 Qg7 $17) (20. Qe2 Rh3
{[%cal Rh3e3]}) 20... Bxg2 21. Kxg2 Qh6 (21... Nh6 22. g5 Nf5 $17) 22. Bg3 (22.
Nf1 Qh3+ 23. Kg1 Nh6 $19) 22... Qh3+ 23. Kf2 Nh6 {Black has now all the trumbs
in his hand!} 24. Be2 Be7 (24... Rg8 $5) 25. Ne4 (25. g5 Nf5 26. Qg1 Rdf8 $19)
25... Bh4 $19 {Black calmly brings more pieces into attack, making White's
survival impossible} 26. g5 (26. Bf3 Rdf8 $19) 26... Bxg3+ 27. Nxg3 Qh2+ 28.
Kf3 Nf5 ({Maybe} 28... Nf7 $1 {[%cal Rf7e5,Rf7g5] could win even easy!}) 29.
Nf1 (29. Qg1 Nxg3 30. Qxh2 Rxh2 $19) 29... Rh3+ 30. Ke4 d3 $1 (30... d3 31.
Qxd3 Qg2+ 32. Bf3 Rd4+ 33. Qxd4 Qxf3#) 0-1

[Event "FRA-chT Gp-A"]
[Site "France"]
[Date "2003.02.01"]
[Round "2"]
[White "Afek, Yochanan"]
[Black "Legky, Nikolay A"]
[Result "0-1"]
[WhiteElo "2386"]
[BlackElo "2507"]
[Annotator "Psakhis,L"]
[PlyCount "76"]
[EventDate "2003.01.31"]
[EventType "team"]
[EventRounds "7"]
[EventCountry "FRA"]
[SourceTitle "CBM 094"]
[Source "ChessBase"]
[SourceDate "2003.05.26"]
[SourceVersion "1"]
[SourceVersionDate "2003.05.26"]
[SourceQuality "1"]
[WhiteTeam "Noyon"]
[BlackTeam "Drancy"]
[WhiteTeamCountry "FRA"]
[BlackTeamCountry "FRA"]

1. e4 e6 2. d4 d5 3. e5 c5 4. c3 Qb6 5. a3 a5 6. Nf3 Bd7 7. Be2 a4 {This line
bacome very popular in modern practice.} 8. O-O Nc6 9. Bd3 ({White get nothing
after} 9. dxc5 Bxc5 10. c4 Nge7 11. Nc3 Nd4 $1 12. cxd5 Nxe2+ 13. Qxe2 Nxd5 14.
Nxd5 exd5 15. Rd1 Bb5 16. Qe1 Bc4 $11 {1/2-1/2 Peng Xiaomin-Kaidanov,G/
USA-China Summit Seattle 2001/CBM 82 (25)}) 9... Na5 10. Bc2 Nc4 {[%csl Gc4]
[%cal Gc4b2]} 11. Ra2 {[%csl Ra2] This move looks quite strange, but it is not
bad.} (11. Ng5 $5 {leads to big and unclear complications after, for example}
Be7 $5 12. Nxh7 g6 13. Ng5 Nh6 14. Ra2 Nf5 15. Nf3 cxd4 16. cxd4 Nh4 $44 {
1/2-1/2 Shirov,A-Volkov,S/EU-Cup Halkidiki 2002/CBM 92 (41)}) 11... Ne7 12.
Nbd2 (12. Re1 Nc6 (12... Bb5 $5) 13. Bxa4 N6xe5 14. Bxd7+ Nxd7 15. b3 Nd6 16.
c4 $5 dxc4 17. d5 Qxb3 $132 {1-0 Grischuk,A-Gurevich,M/Cannes World Cup of
Rapid Chess 2001/CBM 82 (86)}) 12... Nxd2 13. Bxd2 Bb5 14. Re1 Nc6 15. Be3 h6
$5 $146 {Novelty.} ({White got clear edge after} 15... Bc4 16. Ra1 Qxb2 17. Rb1
Qxc3 18. Rxb7 Ba6 19. Rc7 Rc8 20. Rxc6 $1 Rxc6 21. Bxa4 Bb7 22. Qb1 $36 {
Grischuk,A-Gurevich,M/World Cup-qf Cannes playoff 2001/ 1-0 (63)}) 16. Ra1 Qa7
$5 {[%cal Gb7b6]} 17. dxc5 Bxc5 18. Bxc5 {Worth consideration} (18. Nd4 $5 Nxd4
19. cxd4 Be7 20. Qg4 $36 {with some initiative.}) 18... Qxc5 19. Qd2 (19. Nd4
$5) 19... O-O 20. Rad1 Bc4 21. Bb1 {Afek just wasting time, he will get small,
but stable advantage after} (21. Re3 $5 f6 22. exf6 Rxf6 23. Rde1 $14) 21... f5
$5 22. exf6 Rxf6 23. Nd4 ({Again} 23. Re3 $5 {was not a bad idea -} Raf8 $140
24. Qc2) 23... Re8 24. Re3 $6 {A mistake after which Afek will find himself in
trouble.} ({He could continue} 24. Qc2 $5 e5 $140 25. Qh7+ Kf7 26. Nf5 Qf8 27.
Ne3 $36 {with nice position}) 24... e5 {Without special effects, Black
obtained great position.} 25. Rde1 $6 (25. Qc2 $5) 25... e4 (25... Ref8 $142
$17) 26. f3 Ref8 $1 27. h3 ({There wasn't a rescue in} 27. Bc2 Ne5 28. Bxa4 Ng4
$1) 27... Nxd4 28. cxd4 Qd6 $17 {It is clear now that Black has an advantage
all around the board.} 29. Qf2 Rf4 (29... b5 $5) 30. Qg3 h5 $1 {Legky
systematically improves his position, and White hasn't already chances for
successful defense.} 31. Bc2 Qf6 (31... h4 32. Qf2 b5 {[%csl Rc4,Rf4]}) 32. Kh2
h4 33. Qf2 Qxd4 $19 {Black has both positional and material advantage, so the
rest is pretty clear.} 34. Bxa4 exf3 35. Rd1 (35. gxf3 Rxf3 36. Rxf3 Qxf2+ 37.
Rxf2 Rxf2+ 38. Kg1 Rxb2 $19) 35... fxg2 $5 36. Rxd4 Rxf2 37. Rxh4 Rxb2 38. Re1
(38. Re8 b5) 38... Rf1 0-1

[Event "Corus-B"]
[Site "Wijk aan Zee"]
[Date "2003.01.15"]
[Round "4"]
[White "Jonkman, Harmen"]
[Black "Stellwagen, Daniel"]
[Result "0-1"]
[WhiteElo "2436"]
[BlackElo "2427"]
[Annotator "Psakhis,L"]
[PlyCount "66"]
[EventDate "2003.01.14"]
[EventType "tourn"]
[EventRounds "13"]
[EventCountry "NED"]
[EventCategory "13"]
[SourceTitle "CBM 093"]
[Source "ChessBase"]
[SourceDate "2003.04.01"]
[SourceVersion "1"]
[SourceVersionDate "2003.04.01"]
[SourceQuality "1"]

1. e4 e6 2. d4 d5 3. e5 c5 4. c3 Nc6 5. Nf3 Bd7 6. Be2 f6 7. O-O Qb6 $5 {
Interesting move} ({More common line is} 7... fxe5 8. Nxe5 Nxe5 9. dxe5 {
in this ussue you can check possible continuation of the fight in the game
Jonkman,H-Sweets/Groningen Harmonie 2002}) 8. a3 (8. dxc5 $5 Bxc5 9. b4 Be7 10.
c4 dxc4 (10... Nxe5 $5 11. cxd5 Qxb4 $13) 11. Na3 $1 Nxe5 12. Nxe5 fxe5 13.
Nxc4 Qxb4 14. a4 $44 {1/2-1/2 Degraeve,J-Bricard,E/FRA-ch Val d'Isere 2002/CBM
91 (26)}) ({According to all accounts White get nothing after} 8. b3 fxe5 9.
dxe5 Nh6 10. Bf4 Nf7 11. Re1 Be7 12. h4 O-O-O 13. c4 d4 14. Nbd2 Rdg8 $132 {
1/2-1/2 Jonkman,H-Janssen,R/NED-ch Leeuwarden 2002/The Week in Chess 398 (43)})
8... fxe5 9. dxe5 $5 $146 {[%cal Gb2b4]} ({White failed to get any advantage
after} 9. Nxe5 Nxe5 10. dxe5 Ne7 $1 $11) 9... c4 $5 10. Nbd2 (10. b4 cxb3 11.
Be3 Qc7 12. Qxb3) 10... Na5 (10... Qc7 11. Re1) 11. Nd4 Bc5 12. N2f3 ({Worth
considering} 12. Rb1 $5 {preparing move b2-b4, for example} Ne7 (12... Bxd4 13.
cxd4 Qxd4 14. Nxc4 $1 Qxd1 15. Nd6+ $16) 13. b4 cxb3 14. N2xb3 $14) 12... Ne7
13. Qc2 (13. Be3 $5 O-O (13... Qxb2 $2 14. Nxe6 $1 Bxe6 15. Bxc5 $16) 14. Qd2
Nf5 15. Nxf5 Rxf5 16. Bxc5 Qxc5 $13) 13... O-O 14. Be3 Nf5 $5 15. Nxf5 Rxf5 {
[%csl Re5]} 16. g4 (16. Bd4 Nb3 {[%cal Gd7a4]}) (16. Bxc5 Qxc5) 16... Rxf3 $6 {
[%mdl 512] Appetite comes with eating, for some reasons Stellwagen avoids
simple} (16... Rff8 $5 {with possible contination} 17. Ng5 g6 18. Bxc5 Qxc5 19.
Kg2 d4 $1 20. cxd4 Qxd4 $15) 17. Bxc5 Qxc5 18. Bxf3 Nc6 {[%csl Re5][%cal Gd7e8,
Ge8g6,Gd5d4]} 19. Rae1 d4 ({It is easy to recommend knowing what happened in
the game} 19... Rf8 $5 20. Bg2 Rf4 21. h3 Qe7 {with some compensation for
exchange}) 20. cxd4 (20. b4 $5 cxb3 (20... Qb6 21. Be4 d3 22. Qd2 $16) 21. Qxb3
Nxe5 22. Bxb7 Rb8 23. cxd4 Qxd4 24. Qg3 $1 Qxg4 25. Rxe5 Qxg3+ 26. hxg3 Rxb7
$16) 20... Nxd4 21. Qc3 Nxf3+ 22. Qxf3 Bc6 23. Qe3 Qd5 24. f3 {Surely that
Black got some compensation for the exchange, but I don't see how he can
improve position} Rd8 (24... b6 25. Rd1 Qb5 26. Rf2 $16 {[%cal Gg1g3]}) 25.
Qxa7 $5 Qb5 26. Rf2 Rd3 27. Qb8+ Kf7 {Without special effects White obtained a
winning position} 28. h4 $2 {[%mdl 8192] Stellwagen has as many lives as a
cat! After} (28. Qh8 Qc5 29. Kg2 Kg6 30. h4 $18 {White could win without to
many troubles. Now game takes compleatly different direction}) {It is not a
bad move, but} 28... Qb6 $2 {[%cal Rb6f2,Rd3d8]} (28... Qa5 $1 29. Re4 Rd8 $1
$19 {wins at once!}) 29. Qh8 Rxf3 30. Ref1 $2 {It looks that Jonkman lost
interest to the game} ({I didn't find how Black could win in the case of} 30.
Ree2 $8 {for example} Qd4 (30... c3 $5) 31. Qxh7 Qxg4+ 32. Rg2 Qd4+ 33. Ref2
Qxe5 $13) 30... Qd4 $1 $19 {[%csl Rg1] Now game is over} 31. Qxh7 Qxg4+ 32. Kh2
(32. Rg2 Rxf1+ 33. Kxf1 Qxg2+ $19) 32... Qg3+ 33. Kh1 Rxf2+ 0-1